[Event "15th Deltalift Open 2018"]
[Site "Halmstad"]
[Date "2018.05.11"]
[Round "5"]
[White "Sjodahl, Pontus"]
[Black "Westerberg, Jonathan"]
[Result "1/2-1/2"]
[WhiteElo "2404"]
[BlackElo "2523"]
[Annotator "TA"]
[PlyCount "144"]
[EventDate "2018.??.??"]
[EventType "swiss"]
[EventCountry "SWE"]
[SourceTitle "playchess.com"]
[Source "ChessBase"]
[SourceQuality "1"]

{[%evp 11,144,30,24,9,13,-12,-13,-25,8,0,0,2,8,-4,2,-47,-50,-57,-53,-61,-67,-72,-53,-58,-35,-40,-31,-41,-33,-39,-39,-51,-50,-55,-55,-53,-45,-53,-58,-56,-50,-52,-44,-58,-56,-68,-71,-70,-70,-70,-62,-70,-68,-70,-70,-78,-85,-80,-80,-68,-49,-53,-31,-33,-14,-62,-28,-28,-28,-28,-18,-21,-18,-18,-18,-18,0,-25,0,-28,-28,-28,-28,-28,-1,-28,-28,-28,-28,-28,-28,-28,-28,-28,0,-28,-11,-28,-28,-28,-28,-28,-28,-28,-28,-28,-28,-28,-28,-28,-28,-28,-28,-28,-28,-28,-21,-26,-27,-28,-27,-33,0,-28,7,0,14,-28,14,0,0,0,0,-1,-1]} 1. d4 d5 2. c4 dxc4 3. e4 Nf6 {[%cal Bg8f6,Bf6d5,Bd5b6][%mdl 32]} 4. e5 Nd5 5. Bxc4 Bf5 (5... Nb6 6. Bd3 Nc6 7. Ne2 Bg4 8. f3 Bh5 9. Be4 e6 10. O-O Bg6 11. Be3 Be7 12. a3 Bxe4 13. fxe4 Bg5 14. Bf2 O-O 15. Qc2 f5 {½-½ (39) Grischuk,A (2782)-Caruana,F (2799) Saint Louis 2017}) 6. Qb3 {D20: Queen's Gambit Accepted: 3 e3 and 3 e4} c6 $1 {LiveBook: 6 Games} 7. Nc3 {[%cal Rc3d5]} e6 $1 {[#] White must now prevent ...Nb4.} 8. Qxb7 {Hoping for Bxd5.} Nb6 $1 9. Be2 Qxd4 $146 ({Predecessor:} 9... Bb4 10. Nf3 O-O 11. Be3 f6 12. d5 cxd5 13. exf6 Qxf6 {1-0 (46) Van Wely,L (2663)-Dorfman,J (2560) Chartres 2017}) 10. Nf3 Qd7 11. Qxd7+ N8xd7 12. Nd4 Nxe5 13. Nxf5 exf5 14. Bf4 f6 15. O-O-O Bc5 16. Kc2 O-O 17. Rhf1 a5 18. Bc1 Ng4 19. f3 $1 {[%cal Rf3g4]} Ne3+ 20. Bxe3 $1 Bxe3 21. Rd6 Rac8 22. Ba6 Rc7 $1 23. f4 Kf7 24. g3 Bc5 25. Rd2 Re8 26. a3 Ra7 27. Bd3 g6 28. Re2 Rxe2+ 29. Bxe2 Rd7 30. Bd3 Bd4 31. Rb1 h5 32. Ne2 Bc5 33. b4 axb4 34. axb4 Be7 35. Nc3 Rd4 36. b5 cxb5 37. Rxb5 Nd7 (37... Rd6 {feels hotter.} 38. Kd2 Kg7 39. Ke2 Kh6 40. h4 Kg7) 38. Ne2 Rb4 (38... Ra4 {looks sharper.} 39. Nc3 Ra7 40. Kd2 Bc5 41. Ke1 Kg7) 39. Rxb4 Bxb4 $11 {[%mdl 4096] Endgame KBN-KBN} 40. Bc4+ Ke7 41. Nd4 {[#] Strongly threatening Nc6+.} Bc5 (41... Ba3 {with more complications.} 42. Nf3 Nb6 43. Bb3 Kf8 44. Kd3 Nc8) 42. Nf3 Kf8 43. Kd3 Bb6 44. Ke2 Nc5 45. Kf1 Ne4 46. Kg2 Kg7 47. Nh4 Nf2 48. Be6 Ng4 49. Bd7 Kf7 50. Bc8 Ne3+ 51. Kh1 Nc4 52. Ba6 Ne3 53. Bd3 Nd1 54. Bc2 Nc3 55. Kg2 Nb5 56. Bb3+ Kg7 57. Bc2 Nc3 58. Bd3 Nd5 59. Bb1 Ne7 60. Bc2 Kf7 61. Bb3+ Ke8 62. Be6 Be3 63. Kf3 Bc1 64. Ke2 Bb2 65. Kf2 Ba3 66. Kf1 Bc1 67. Ke2 Kd8 68. Kd1 Bb2 69. Ke1 Kc7 70. Nf3 {The position is equal.} Kd6 71. Bf7 Bc1 72. h4 Be3 {Precision: White = 62%, Black = 55%.} 1/2-1/2

[Event "15th Deltalift Open 2018"]
[Site "Halmstad"]
[Date "2018.05.11"]
[Round "5"]
[White "Akesson, Ralf"]
[Black "Sorensen, Hampus"]
[Result "1-0"]
[WhiteElo "2392"]
[BlackElo "2176"]
[Annotator "TA"]
[PlyCount "63"]
[EventDate "2018.??.??"]
[EventType "swiss"]
[EventCountry "SWE"]
[SourceTitle "playchess.com"]
[Source "ChessBase"]
[SourceQuality "1"]

{[%evp 22,63,21,8,3,8,11,3,13,0,18,-5,24,22,60,58,77,94,112,113,130,128,133,140,195,98,162,162,168,171,232,112,191,181,309,305,514,497,512,490,456,341,29989,29990]} 1. d4 d5 2. Nf3 Nf6 3. c4 c6 4. e3 e6 5. Bd3 Nbd7 6. b3 Bd6 7. Bb2 O-O {A06: Réti Opening:1 Nf3 d5} 8. Nbd2 b6 9. O-O Bb7 10. Ne5 (10. Qe2 c5 11. Rad1 Ne4 12. cxd5 exd5 13. Ba6 Bxa6 14. Qxa6 Re8 15. dxc5 Ndxc5 16. Qe2 Rc8 17. Rc1 Bf8 18. Rfd1 Qe7 {½-½ (45) Radjabov,T (2710)-Ding,L (2773) Moscow 2017}) 10... c5 11. cxd5 exd5 12. Qf3 {LiveBook: 4 Games} Qe7 {[%cal Rd7e5]} 13. Nxd7 Nxd7 14. Qh3 {[%csl Gd3][%cal Rh3h7]} g6 {[#]} 15. Qh6 $146 ({Predecessor:} 15. Rae1) 15... cxd4 16. Bxd4 {[%csl Gd4][%cal Rh6g7]} Be5 17. Nf3 $40 {[%cal Bd2f3,Bf3e5,Be5g4,Bg4h6][%mdl 160] White mounts an attack.} Bxd4 18. exd4 Rfc8 19. Rae1 Qf6 20. Re3 Nf8 21. Ne5 {Black must now prevent Rf3.} Qg7 22. Qh4 {aiming for Nxf7!} Rc7 (22... Re8 $16 23. h3 Rac8) 23. Rfe1 ({White should try} 23. Ng4 $1 $18) 23... Kh8 (23... Re8 $16) 24. h3 $18 f6 {[#]} 25. Ng4 $1 {[%cal Rg4f6]} Rf7 (25... Rac8 $142 26. Qxf6 Qxf6 27. Nxf6 Rc1 28. Rxc1 Rxc1+ 29. Kh2 Rc7) 26. Re8 (26. f4 $18 {and White stays clearly on top.}) 26... Rxe8 (26... f5 $16) 27. Rxe8 Bc6 (27... h5 $142 28. Ne3 Kg8) 28. Rd8 Bd7 $2 (28... h5 29. Rd6 Bd7 30. Nxf6 Be6) 29. Nh6 Re7 {[#]} 30. Bxg6 $1 {[%mdl 512]} Be6 (30... Qxg6 31. Rxf8+) 31. Bxh7 {Bd3 would kill now.} Qxh7 $2 (31... Qg5 $18 32. Qxg5 fxg5) 32. Rxf8+ {Precision: White = 57%, Black = 24%.} 1-0

[Event "15th Deltalift Open 2018"]
[Site "Halmstad"]
[Date "2018.05.11"]
[Round "5"]
[White "Arman, Deniz"]
[Black "Subramanian, Aditya"]
[Result "1-0"]
[WhiteElo "2367"]
[BlackElo "2123"]
[Annotator "TA"]
[PlyCount "115"]
[EventDate "2018.??.??"]
[EventType "swiss"]
[EventCountry "SWE"]
[SourceTitle "playchess.com"]
[Source "ChessBase"]
[SourceQuality "1"]

{[%evp 21,115,0,18,0,-18,-29,-22,-26,-39,-79,-83,-113,-84,-127,-29,-39,-35,-42,-16,-87,-56,-236,-235,-344,-347,-353,-325,-328,-304,-325,-306,-385,-309,-418,-264,-335,-327,-332,-332,-344,-357,-346,216,209,202,125,125,125,123,125,125,125,125,125,125,117,116,89,102,94,114,89,109,109,109,109,118,117,117,116,116,109,109,70,70,70,110,89,111,60,72,0,0,0,9,0,0,0,0,0,0,0,29981,29982,29983,29984]} 1. e4 e5 2. Nf3 Nc6 3. Nc3 Nf6 4. d4 exd4 5. Nxd4 Bb4 6. Nxc6 bxc6 7. Bd3 d5 8. exd5 O-O 9. O-O cxd5 10. h3 {C47: Scotch Four Knights and Four Knights with 4 g3} Rb8 (10... c6 11. Qf3 Re8 12. Bg5 Bd6 13. Rfe1 Rxe1+ 14. Rxe1 Bd7 15. Bf4 Qb8 16. Bxd6 Qxd6 17. b3 c5 {½-½ (48) Morozevich,A (2665)-Kramnik,V (2800) Moscow 2018}) 11. Qf3 Be6 {LiveBook: 13 Games} 12. Nb5 {The position is equal.} c5 {[%cal Bc7c5,Bc5c4][%mdl 32] Strongly threatening ...c4.} 13. a3 Ba5 14. b4 {[#]} c4 $146 ({Predecessor:} 14... Bb6 15. Bf4 Rc8 16. Nd6 Rc6 17. Nb7 Qe7 18. Nxc5 Bxc5 19. bxc5 Qxc5 {1-0 (44) Morozevich,A (2676)-Lalith,B (2587) Doha 2016}) 15. bxa5 Rxb5 16. a4 Rxa5 (16... cxd3 17. axb5 dxc2 18. Qd3 $16) 17. Be2 Qd7 (17... d4 $17 {Hoping for ...Re8.} 18. Rd1 Re8) 18. Bb2 $1 $11 d4 19. Rad1 Bd5 (19... Rxa4 $6 20. Bxd4 Qe7 21. Ra1 $14) 20. Qf4 (20. Qg3 $11 {keeps the balance.}) 20... Re8 21. Bxd4 $2 ({White should play} 21. Bg4 $15 Nxg4 22. hxg4) 21... Rxe2 $40 {[%mdl 128] Black attacks with force.} 22. Bxf6 (22. Bc3 {is a better defense.} Rc5 23. Bd4) 22... gxf6 23. Qxf6 {intending Rd4.} Re6 24. Qc3 {[#]} Rg6 $1 {[%mdl 512]} 25. f3 Raa6 ({And not} 25... Qxa4 26. Ra1 $16) ({Don't take} 25... Rxa4 26. Rfe1 $19) 26. Rd2 Rad6 27. Rfd1 Qf5 28. Kh1 Qg5 29. Rb1 Rb6 30. Rbd1 Qg3 31. Re2 {[%cal Re2e8]} Rbe6 $4 {[%mdl 8192]} (31... Rge6 $19 {and life is good for Black.} 32. Rxe6 Rxe6) 32. Rxd5 $18 {Threatening mate with Rd8+.} Qh4 33. Rxe6 Rxe6 {[%mdl 4096] Endgame KQR-KQR} 34. Rd4 Qe1+ 35. Qxe1 Rxe1+ $16 {KR-KR} 36. Kh2 c3 37. Rc4 Ra1 38. Rxc3 Rxa4 39. Rc8+ Kg7 40. c4 a5 41. Kg3 Ra2 42. Ra8 a4 43. c5 a3 44. c6 {And now c7 would win.} Rc2 45. Rxa3 Rxc6 46. Ra4 h6 47. Rg4+ Kh7 48. Kf4 Ra6 49. Ke5 Re6+ 50. Kd5 (50. Kf5 $16) 50... Ra6 51. f4 ({White should try} 51. Rg3 $16) 51... Ra5+ $11 52. Kd6 {aiming for Ke7.} Rf5 53. g3 h5 54. Rg5 Rxg5 55. fxg5 Kg6 56. Ke7 {Kf8 is the strong threat.} Kxg5 $2 {[%mdl 8192] [#]} (56... Kg7 $11 57. h4 Kg6) 57. Kxf7 Kf5 58. h4 {Precision: White = 54%, Black = 51%.} 1-0

[Event "15th Deltalift Open 2018"]
[Site "Halmstad"]
[Date "2018.05.11"]
[Round "5"]
[White "Malmstig, Erik"]
[Black "Berggren Torell, Harald"]
[Result "0-1"]
[WhiteElo "2339"]
[BlackElo "2114"]
[Annotator "TA"]
[PlyCount "118"]
[EventDate "2018.??.??"]
[EventType "swiss"]
[EventCountry "SWE"]
[SourceTitle "playchess.com"]
[Source "ChessBase"]
[SourceQuality "1"]

{[%evp 18,118,0,0,30,12,28,8,16,-17,-11,-15,-13,-41,0,-33,25,0,48,43,55,48,47,29,47,7,39,33,109,102,137,133,143,135,167,181,178,88,322,87,75,0,0,0,0,0,0,-10,1,0,0,0,0,0,7,0,0,0,0,0,0,24,22,0,0,-228,-223,-213,-200,-208,-185,-279,-276,-272,-258,-274,-262,-250,-247,-502,-484,-607,-599,-574,-530,-991,-1040,-1404,-1184,-1602,-1206,-1304,-1116,-29971,-12842,-29978,-29980,-29980,-29978,-29978,-29978,-29980,-29981]} 1. Nf3 d6 2. d4 g6 3. g3 Bg7 4. Bg2 Nf6 5. O-O O-O 6. Nc3 Nbd7 7. e4 c6 8. Re1 e5 9. h3 {B07: Pirc Defence: Miscellaneous Systems} (9. a4 Re8 10. h3 Qc7 11. Be3 b6 12. Qd2 Bb7 13. Rad1 Rad8 14. Bg5 a6 15. h4 b5 16. axb5 axb5 17. b3 Qb8 18. dxe5 dxe5 19. Bh3 {½-½ (102) Hou,Y (2680)-Adhiban,B (2655) Wijk aan Zee 2018}) 9... Qc7 10. a4 {LiveBook: 47 Games} Rd8 11. a5 {White has an edge.} Nf8 {[%cal Bd7f8,Bf8e6,Be6d4][%mdl 32]} 12. Bg5 $146 ({Predecessor:} 12. d5 cxd5 13. exd5 Bd7 14. Be3 Rdc8 15. Nd2 h6 16. Qe2 Re8 17. Qc4 Rec8 {1-0 (49) Hausrath,D (2463)-Bogorad,M (2229) Duesseldorf 2005}) 12... Ne6 13. Bxf6 Bxf6 14. d5 Nd4 15. Nd2 Bg5 16. Nf1 cxd5 ({Black should play} 16... h5 $15) 17. Ne3 Bxe3 18. fxe3 Nc6 19. Nxd5 Qb8 20. h4 {[%cal Bh3h4,Bh4h5][%mdl 32]} Be6 21. h5 Bxd5 22. Qxd5 Qc8 (22... Rf8 $14) 23. Rf1 $16 Qe6 24. a6 {[%cal Ba5a6,Ba6b7][%mdl 32]} Qxd5 25. exd5 Nb4 26. axb7 Rab8 27. Rxa7 (27. Rf2 $18) 27... Nxc2 $2 (27... Rd7 $16 {was called for.}) 28. Kf2 $2 (28. h6 $18 {is more deadly.}) 28... Nb4 29. Ke2 (29. Bh3 $16) 29... Rd7 $11 30. h6 {Threatens to win with Rc1.} Rdxb7 31. Rfa1 {Strongly threatening Rxb7.} f5 32. Kd2 Kf7 33. Bf1 Kf6 ({Much worse is} 33... Nxd5 $6 34. Bc4 $16) 34. Bc4 e4 35. R1a4 Ke5 $36 {[%mdl 2048] Black has some pressure.} 36. b3 {[#]} Nd3 $1 {[%mdl 512]} 37. Rxb7 (37. Bxd3 exd3) 37... Rxb7 {[%mdl 4096] Endgame KRB-KRN} 38. Ra8 Nc5 39. Kc3 Kf6 40. Rh8 Kg5 41. b4 $2 (41. Rc8 $11 {and White is okay.}) 41... Na4+ $19 42. Kb3 {[#]} Nb6 $1 43. Rd8 Rc7 44. Rxd6 (44. Ba6 $142 Nxd5 45. Rxd6 Nxe3 46. b5) 44... Nxc4 {KRN-KR} 45. Rc6 Nd2+ 46. Kc2 Rd7 47. Kxd2 Rxd5+ {KR-KR} 48. Kc2 $2 (48. Kc3) 48... Kxh6 49. Rc7 Kg5 50. Rxh7 Kg4 51. Kb3 Kf3 52. Kc4 Rd8 53. Rg7 Kxe3 54. Rxg6 Rf8 55. b5 Kf2 56. Kd4 e3 {[%cal Be4e3,Be3e2][%mdl 32] Black mates.} 57. Rh6 Rd8+ 58. Ke5 e2 59. Rh2+ Kxg3 {Precision: White = 40%, Black = 61%.} 0-1

[Event "15th Deltalift Open 2018"]
[Site "Halmstad"]
[Date "2018.05.11"]
[Round "5"]
[White "Rydstrom, Tom"]
[Black "Berglind, Axel"]
[Result "1-0"]
[WhiteElo "2324"]
[BlackElo "2104"]
[Annotator "TA"]
[PlyCount "61"]
[EventDate "2018.??.??"]
[EventType "swiss"]
[EventCountry "SWE"]
[SourceTitle "playchess.com"]
[Source "ChessBase"]
[SourceQuality "1"]

{[%evp 20,61,47,46,46,0,66,0,136,5,8,8,0,0,0,0,37,0,143,129,265,51,458,442,867,844,956,428,436,367,29994,690,639,418,683,675,637,613,962,958,1165,1162,1180,985]} 1. e4 c5 2. Nf3 d6 3. d4 cxd4 4. Nxd4 Nf6 5. Nc3 a6 6. Bg5 e6 7. Qf3 Be7 {B95: Sicilian Najdorf: 6 Bg5 e6, unusual White 7th moves} (7... Nbd7 8. O-O-O Qc7 9. Bd3 b5 10. Rhe1 Ne5 11. Qg3 b4 12. Nd5 exd5 13. Bxf6 gxf6 14. exd5 Bb7 15. f4 O-O-O 16. fxe5 dxe5 {½-½ (75) Salem,A (2642)-Andriasian,Z (2585) chess.com INT 2018}) 8. Be2 h6 9. Be3 Nbd7 10. O-O-O Qc7 11. Qg3 {LiveBook: 3 Games} b5 12. a3 $146 ({Predecessor:} 12. Qxg7 Rg8 13. Qxh6 b4 14. Na4 Bb7 15. f3 Rc8 16. Rd2 Qa5 17. b3 {0-1 (28) Fernandez Cardoso,A (2406)-Hevia Alejano,C (2481) Havana 2010}) 12... Bb7 (12... Kf8 $11) 13. f3 (13. Qxg7 $14 Rg8 14. Qxh6) 13... Ne5 (13... Kf8 $11 {keeps the balance.}) 14. f4 (14. Qxg7 $16 O-O-O 15. Qg3) 14... Nc4 $1 $11 15. Bxc4 Qxc4 16. e5 $36 {[%mdl 2048] Black is under pressure.} ({Don't play} 16. Qxg7 Rg8 $17) 16... dxe5 17. fxe5 Nh5 18. Qf2 g5 (18... O-O $1 $11) 19. h4 $16 {Hoping for hxg5.} gxh4 (19... Nf4 $16 {might work better.}) 20. Rhf1 $2 (20. Rxh4 $18 Bxh4 21. Qxh4) 20... Rh7 $2 {[%mdl 8192]} ({Black should play} 20... O-O-O $14) 21. Nf5 $1 $18 Qg4 (21... exf5 $142 22. Qxf5 Bxa3) 22. Nxe7 Kxe7 {[#]} 23. Bc5+ (23. Bxh6 $142 $1 {[%mdl 512] White threatens Qc5+ and mate.} f5 (23... Rxh6 24. Qxf7#) 24. Qb6) 23... Ke8 24. Kb1 Ng3 $2 {[#]} (24... Bxg2 $18 25. Qd2 (25. Rd4 Qg3 $11) 25... f5) 25. Qd2 (25. Qf6 $142 $1 {[%mdl 512]} Qxd1+ 26. Nxd1 Nf5 27. Rxf5 Kd7 28. Qe7+ Kc8 {[#]} 29. Bd6 $1 {[%mdl 512]} exf5 30. Qe8#) 25... f5 26. Rf4 Qg8 (26... Qg5 $142 27. Qd6 Kf7 28. Qd7+ Kg8 29. Qxe6+ Kh8) 27. Qd6 {White is clearly winning.} Rc8 {intending ...Bc6.} 28. Rfd4 {aiming for Qd8+!} Bc6 {[#]} 29. Qxc6+ $1 {[%mdl 512]} Kf7 (29... Rxc6 30. Rd8+) 30. Qxa6 Kg6 31. Qxb5 {Precision: White = 38%, Black = 19%.} 1-0

[Event "15th Deltalift Open 2018"]
[Site "Halmstad"]
[Date "2018.05.11"]
[Round "5"]
[White "Lindh, Fredrik"]
[Black "Holst, Conny"]
[Result "0-1"]
[WhiteElo "2296"]
[BlackElo "2087"]
[Annotator "TA"]
[PlyCount "76"]
[EventDate "2018.??.??"]
[EventType "swiss"]
[EventCountry "SWE"]
[SourceTitle "playchess.com"]
[Source "ChessBase"]
[SourceQuality "1"]

{[%evp 16,76,35,19,42,0,39,48,42,30,53,52,35,25,38,39,54,29,54,2,21,0,16,2,14,8,6,-4,-4,-11,51,54,48,-11,0,-25,-8,-18,-14,0,0,0,0,0,0,0,0,0,0,0,3,0,0,-38,0,0,0,-214,-207,-520,-516,-2010,-1716]} 1. e4 c5 2. Nf3 d6 3. d4 cxd4 4. Nxd4 Nf6 5. Nc3 a6 6. Be3 e5 7. Nb3 Be6 8. Be2 Nbd7 9. O-O {LiveBook: 33 Games} Qc7 {B92: Sicilian Najdorf: 6 Be2} (9... Be7 10. Qd2 O-O 11. a4 Nc5 12. Nxc5 dxc5 13. Qxd8 Rfxd8 14. f3 c4 15. Kf2 Rac8 16. a5 Kf8 17. Na4 Nd7 18. Rfd1 Bb4 19. Nc3 Bc5 20. Ra4 Bxe3+ 21. Kxe3 {1-0 (49) Leko,P (2755)-Anand,V (2801) Moscow 2007}) 10. Nd5 Bxd5 11. exd5 Be7 {White is slightly better.} 12. c4 b6 13. Rc1 O-O 14. Na1 $146 {[%cal Bb3a1,Ba1c2,Bc2a3][%mdl 32]} ({Predecessor:} 14. Nd2 Qb7 15. b4 Rfc8 16. Nb3 Bf8 17. Qd2 g6 18. f3 Rc7 19. Rfd1 Rac8 20. a4 Rb8 {1-0 (52) Rombaldoni,A (2169)-Luciani,V (2232) Montebelluna 2006}) 14... Ne8 15. Nc2 a5 16. Na3 f5 17. f3 (17. f4 $14) 17... Qd8 $11 18. Qd2 f4 19. Bf2 Bh4 20. Bd3 Bxf2+ 21. Qxf2 Nc5 22. Bc2 Ra7 (22... Nc7 $11) 23. Nb5 $14 Raf7 24. a3 (24. Nc3 $14) 24... a4 $1 $11 25. Nc3 Ra7 26. Rce1 g5 27. g4 fxg3 28. hxg3 g4 29. Qe3 gxf3 $1 30. Rxf3 Rxf3 31. Qxf3 {Strongly threatening Rf1.} Rf7 $1 {[%cal Rf7f3]} 32. Qe3 Nf6 33. Bf5 Nh5 34. Bg4 (34. Be6 $5 Nxe6 35. dxe6 $14) 34... Nf4 (34... Nxg3 $5 35. Qxg3 Rg7 $15) 35. gxf4 {[#] Black must now prevent Be6.} Qh4 $36 {[%mdl 2048] Black is pushing.} 36. Bh3 $2 (36. Re2 $11 Rg7 37. Rg2 Rxg4 38. fxe5) 36... exf4 $19 37. Qe8+ $2 (37. Qf2 {was the crucial defense.} Qxh3 38. Re8+ Kg7 39. Qd4+ Kh6 40. Rg8) 37... Rf8 38. Be6+ (38. Qe7 $142 Qg3+ 39. Bg2) 38... Kg7 {Precision: White = 21%, Black = 63%.} 0-1

[Event "15th Deltalift Open 2018"]
[Site "Halmstad"]
[Date "2018.05.11"]
[Round "5"]
[White "Kucuksari, Kaan"]
[Black "Tikkanen, Hans"]
[Result "0-1"]
[WhiteElo "2264"]
[BlackElo "2492"]
[Annotator "TA"]
[PlyCount "64"]
[EventDate "2018.??.??"]
[EventType "swiss"]
[EventCountry "SWE"]
[SourceTitle "playchess.com"]
[Source "ChessBase"]
[SourceQuality "1"]

{[%evp 19,64,-5,0,0,0,0,0,0,0,0,0,0,0,0,0,0,0,0,0,0,0,0,-11,-33,-12,-26,-17,-48,0,-336,-341,-336,-347,-339,-333,-778,-788,-758,-787,-787,-783,-756,-739,-689,-676,-1931,-1931]} 1. d4 d5 2. Nf3 Nf6 3. c4 c6 4. Qc2 dxc4 5. e4 (5. Qxc4 Bf5 6. g3 e6 7. Bg2 Be7 8. O-O O-O 9. e3 Nbd7 10. Qe2 Qa5 11. Nc3 Ne4 12. Bd2 Nxd2 13. Nxd2 Rfd8 14. Rfd1 Rac8 15. e4 Bg6 {½-½ (25) Bu,X (2725)-Shankland,S (2671) Liaocheng 2018}) 5... b5 6. b3 {D11: Slav Defence: 3 Nf3 sidelines and 3...Nf6 4 e3 Bg4} cxb3 7. axb3 e6 8. Bd2 a5 9. Bd3 Bb7 10. O-O Be7 {LiveBook: 16 Games} 11. Rc1 h6 12. Nc3 Na6 {[%cal Bb8a6,Ba6b4,Bb4c2][%mdl 32]} 13. e5 $146 Nb4 14. exf6 Nxc2 15. fxe7 Qxe7 16. Rxc2 O-O 17. Ne4 $1 c5 18. dxc5 {[#] aiming for c6.} Bd5 19. Bf4 Rfd8 20. Bd6 Qb7 21. Nc3 Bxf3 ({Much weaker is} 21... Bxb3 $6 22. Rb2 $16) 22. gxf3 Qxf3 23. Be4 Qf6 {Strongly threatening ...b4.} 24. f4 $2 {[%mdl 8192] [#]} (24. Rcc1 $11 {and White has nothing to worry.}) 24... Rxd6 $1 $19 {[%mdl 512]} 25. cxd6 Rd8 {White must now prevent ...b4.} 26. Rd1 {Ne2 would now be nice for White.} Qxf4 {And now ...b4 would win.} 27. Bc6 $2 (27. d7) 27... Rxd6 {Black is clearly winning.} 28. Rxd6 Qxd6 29. Bxb5 Qc5+ 30. Kh1 Qf5 31. Rg2 Qf3 32. Na4 Qd1+ {Precision: White = 50%, Black = 91%.} 0-1

[Event "15th Deltalift Open 2018"]
[Site "Halmstad"]
[Date "2018.05.11"]
[Round "5"]
[White "Silseth, Simon"]
[Black "Lindberg, Bengt"]
[Result "0-1"]
[WhiteElo "2239"]
[BlackElo "2404"]
[Annotator "TA"]
[PlyCount "80"]
[EventDate "2018.??.??"]
[EventType "swiss"]
[EventCountry "SWE"]
[SourceTitle "playchess.com"]
[Source "ChessBase"]
[SourceQuality "1"]

{[%evp 21,80,-1,-12,-138,-158,-227,-216,-215,-212,-220,-168,-187,-193,-214,-183,-219,-228,-219,-212,-208,-202,-206,-193,-205,-215,-202,-177,-166,-158,-200,-206,-197,-195,-200,-204,-244,-233,-362,-198,-189,-166,-164,-160,-229,-208,-213,-220,-236,-227,-235,-227,-251,-210,-210,-210,-236,-210,-209,-210,-370,-359]} 1. d4 Nf6 2. c4 e6 3. Nc3 Bb4 4. Bg5 c5 5. d5 d6 6. e3 exd5 7. cxd5 Nbd7 8. Bd3 Qa5 9. Nge2 Nxd5 10. O-O Bxc3 11. bxc3 c4 {LiveBook: 59 Games} 12. Bxc4 {[#] E30: Nimzo-Indian: Leningrad Variation} (12. Bc2 $11 {remains equal.}) (12. Bc2 O-O 13. Bh4 Nxc3 14. Nxc3 Qxc3 15. Rc1 Qa5 16. Qxd6 Qe5 17. Bg3 Qxd6 18. Bxd6 Re8 19. Rfd1 b5 20. a4 a6 21. Rb1 Nf6 22. axb5 axb5 23. Rxb5 Be6 {½-½ (23) Volkov,S (2607)-Tiviakov,S (2613) Algiers 2016}) 12... N5b6 $1 $17 {[%cal Rb6c4]} 13. Bxf7+ (13. f4 $17 Nxc4 14. Qd4) 13... Kxf7 $19 14. Bf4 {Black is clearly better.} Nf6 $146 {[%cal Bd7f6,Bf6d5,Bd5f4][%mdl 32]} ({Predecessor:} 14... d5 15. Nd4 Nf6 16. a4 Nc4 17. Rb1 Qd8 18. Nb5 Bf5 19. Rb4 b6 {0-1 (35) Deak,F (2285)-Trajber,D (2098) Hungary 2012}) 15. Qxd6 Qd5 16. Qxd5+ Nfxd5 17. Be5 Bd7 18. Rab1 Rhe8 19. Bd4 Bc6 20. Ng3 g6 21. e4 Nf4 22. Be3 Nd3 ({Weaker is} 22... Bxe4 23. Rb4 $15) 23. Rfd1 Ne5 24. f3 Nbc4 25. Bf2 b6 26. Nf1 Rac8 27. Rd4 Na3 28. Rc1 Nb5 29. Rdd1 {[#]} (29. Rd2 {might work better.}) 29... Nc4 (29... Bxe4 $142 $1 {[%mdl 512]} 30. c4 (30. fxe4 Nxc3) 30... Nd3 31. fxe4 Nxc1 32. Rxc1 Rxe4) 30. Ne3 Nxe3 31. Bxe3 Red8 32. c4 (32. Rxd8 $17 Rxd8 33. c4) 32... Rxd1+ 33. Rxd1 Na3 34. c5 Nc4 35. Bf2 b5 {[%cal Bb6b5,Bb5b4][%mdl 32]} 36. Rd4 Na5 37. h4 Nb7 38. Rd2 Rd8 39. Rxd8 Nxd8 40. Kf1 $2 (40. a3) 40... b4 {Precision: White = 42%, Black = 67%.} 0-1